Life In Cartoon Motion - All Songs - MIKA - Statistics

General Stats
  • This quiz has been taken 4 times
  • The average score is 8 of 14
Answer Stats
Answer % Correct
Big Girl (You Are Beautiful)
100%
Grace Kelly
100%
Lollipop
100%
Billy Brown
75%
Happy Ending
75%
Relax, Take It Easy
75%
Stuck In The Middle
75%
Any Other World
50%
My Interpretation
50%
Grace Kelly - Acoustic
25%
Love Today
25%
Relax, Take It Easy - Acoustic
25%
Ring Ring
25%
Stuck In The Middle - Acoustic
25%
No matching quizzes found
Score Distribution
Percent of People with Each Score
Percentile by Number Answered
Your Score History
You have not taken this quiz